000 00453nam a22001457a 4500
082 _a340.03
100 _aBasit, Muhammad Abdul
245 _aRafiq's Law Dictionary with Pronunciation:
_bEnglish to English & Urdu /
_cMuhammad Abdul Basit
250 _a4rth Edition.
260 _aRawalpindi :
_bFederal Law House,
_c2019.
300 _a1190 p. ;
_c24 cm.
942 _2ddc
_cBK
999 _c587216
_d587216